[Event "Olympiad Women-44"]
[Site "Chennai"]
[Date "2022.08.03"]
[Round "6.4"]
[White "Takali, Milly"]
[Black "Martin, Kayla"]
[Result "1-0"]
[WhiteElo "1482"]
[BlackElo "1138"]
[PlyCount "33"]
[EventDate "2022.07.29"]
[EventType "team-swiss"]
[EventRounds "11"]
[EventCountry "IND"]
[SourceTitle "CBM 210"]
[Source "ChessBase"]
[SourceDate "2022.10.31"]
[SourceVersion "1"]
[SourceVersionDate "2022.10.31"]
[SourceQuality "1"]
[WhiteTeam "Uganda (W)"]
[BlackTeam "Trinidad and Tobago (W)"]
[WhiteTeamCountry "UGA"]
[BlackTeamCountry "TRI"]

1. d4 c6 2. Nf3 d6 3. c4 Nf6 4. Nc3 Qc7 5. Bf4 Nbd7 6. e3 e5 7. Bg3 Be7 8. Bd3 a6 9. a4 Qb6 10. Qc2 Qc7 11. h3 b6 12. 0-0 Bb7 13. Rac1 exd4 14. exd4 Qc8 15. Rfe1 Qc7 16. Re2 0-0-0 17. Rxe7 1-0